Catálogo
 En Linea

Estas historias / (Registro nro. 49865)

Detalles MARC
000 -CABECERA
campo de control de longitud fija 02007nam a2200289 i 4500
003 - IDENTIFICADOR DEL NÚMERO DE CONTROL
campo de control DO-SdBNP
005 - FECHA Y HORA DE LA ÚLTIMA TRANSACCIÓN
campo de control 20240305140538.0
007 - CAMPO FIJO DE DESCRIPCIÓN FÍSICA--INFORMACIÓN GENERAL
campo de control de longitud fija ta
008 - DATOS DE LONGITUD FIJA--INFORMACIÓN GENERAL
campo de control de longitud fija 210602b 2020 dr 00| 0 eng d
020 ## - NÚMERO INTERNACIONAL ESTÁNDAR DEL LIBRO
Número Internacional Estándar del Libro 9789945582925
040 ## - FUENTE DE LA CATALOGACIÓN
Centro catalogador/agencia de origen DO-SdBNP
Lengua de catalogación spa
Centro/agencia transcriptor BNPHU
Normas de descripción rda
082 #4 - NÚMERO DE LA CLASIFICACIÓN DECIMAL DEWEY
Número de documento/Ítem G216e
Número de edición 22
100 1# - ENTRADA PRINCIPAL--NOMBRE DE PERSONA
Nombre de persona García, José Enrique,
Fechas asociadas al nombre 1948-
Término indicativo de función/relación autor
9 (RLIN) 22487
245 10 - MENCIÓN DE TÍTULO
Título Estas historias /
Mención de responsabilidad, etc. José Enrique García.
264 #4 - PRODUCCIÓN, PUBLICACIÓN, DISTRIBUCIÓN, FABRICACIÓN Y COPYRIGHT
Producción, publicación, distribución, fabricación y copyright Santo Domingo :
Nombre del de productor, editor, distribuidor, fabricante Banco Central de la República Dominicana,
Fecha de producción, publicación, distribución, fabricación o copyright 2020.
300 ## - DESCRIPCIÓN FÍSICA
Extensión 227 páginas ;
Dimensiones 23 cm.
336 ## - TIPO DE CONTENIDO
Fuente rdacontent
Término de tipo de contenido texto
Código de tipo de contenido txt
337 ## - TIPO DE MEDIO
Fuente rdamedia
Nombre/término del tipo de medio sin mediación
Código del tipo de medio n
338 ## - TIPO DE SOPORTE
Fuente rdacarrier
Nombre/término del tipo de soporte volumen
Código del tipo de soporte nc
490 ## - MENCIÓN DE SERIE
Mención de serie Banco Central de la República Dominicana
Designación de volumen o secuencia 276
490 ## - MENCIÓN DE SERIE
Mención de serie Arte y literatura
Designación de volumen o secuencia 103
500 ## - NOTA GENERAL
Nota general Incluye datos biográficos del autor en las solapas.
505 0# - NOTA DE CONTENIDO CON FORMATO
Nota de contenido con formato Prólogo --
Título Reconciliación con la quietud --
-- Apego a las cosas --
-- Existencia de los otros --
-- Experiencia de la muerte --
-- Voz de la tierra --
-- Desnudo de su cuerpo --
-- Débiles compañías --
-- Las dos hermanas --
-- Bailarina de la noche --
-- Hijos de la noche --
-- Pasos sin huellas --
-- Lucrecia Alvarado --
-- Los sueños --
-- Una historia --
-- El señor Inoa --
-- El hoyo --
-- Ya no llueve los lunes --
-- Oficio de Ocio --
-- Dolorosamente Sarita --
-- Juegos de villanos --
-- La promesa --
-- Historias yuxtapuestas --
-- Muerte vertical --
-- Sacrifico de las cenizas --
-- El hombre que vendía telas --
-- El árbol de las garzas --
-- Mujer de lejos --
-- La mujer de todos --
-- Cenizas de Cuaresma --
-- El dolor del cuerpo --
-- Historia deprisa --
-- Humo de carne --
-- El guardador del camino --
-- El hombre que llegó un día --
-- Emeterio Santos --
-- El extraño --
-- Conrado --
-- Los años muertos --
-- Línea recta --
-- Pesadilla del amanuense --
-- Tal vez compañía --
-- Nacer nomás --
-- La otra --
-- Una historia, la otra --
-- Dos hombres --
-- Zeguí, el alemán --
-- Dos veces hermanos.
590 ## - NOTA LOCAL (RLIN)
Nota local Inventariado, 2021 /LP<br/><br/>
910 ## - DATOS DE OPCIÓN DEL USUARIO (OCLC)
Datos de opción del usuario Lopérez
942 ## - ELEMENTOS DE PUNTO DE ACCESO ADICIONAL (KOHA)
Fuente del sistema de clasificación o colocación Dewey Decimal Classification
Tipo de ítem Koha Libro
Existencias
Estado de retiro Estado de pérdida Fuente del sistema de clasificación o colocación No para préstamo Código de colección Localización permanente Ubicación/localización actual Ubicación en estantería Fecha de adquisición Fuente de adquisición Total de préstamos Signatura topográfica completa Código de barras Fecha visto por última vez Precio válido a partir de Tipo de ítem Koha Número de copia Restricciones de uso
    Dewey Decimal Classification   Dominicana de Servicio Biblioteca Nacional Pedro Henríquez Ureña Biblioteca Nacional Pedro Henríquez Ureña En catalogación 01.08.2023 Donación   BNPHU DS G216e 2023-5129 01.08.2023 01.08.2023 Libro e.4 Préstamo en sala
    Dewey Decimal Classification Préstamo en sala Dominicana de Servicio Biblioteca Nacional Pedro Henríquez Ureña Dominicana Depósito 02.06.2021 Depósito Legal   BNPHU DS G216e 2021-1884 02.06.2021 02.06.2021 Libro y Folleto Colección Dominicana de Servicio e.3  
    Dewey Decimal Classification Excluido de préstamo Patrimonio Dominicano Biblioteca Nacional Pedro Henríquez Ureña Patrimonio Dominicano Depósito 02.06.2021 Depósito Legal   BNPHU PD G216e 2021-1882 02.06.2021 02.06.2021 Libro y Folleto Colección Patrimonio Dominicano    
    Dewey Decimal Classification Préstamo restrigido Patrimonio Dominicano Biblioteca Nacional Pedro Henríquez Ureña Patrimonio Dominicano Depósito 02.06.2021 Depósito Legal   BNPHU PD G216e 2021-1883 02.06.2021 02.06.2021 Libro y Folleto Colección Patrimonio Dominicano e.2  

Con tecnología Koha